00470nam a2200133 4500082000800000100001900008245003200027260004100059300001200100942000700112999001500119952011500134952008700249 aKHU aKhurshid Hasan aChaukandi Tombs in Pakistan aKarachi:bRoyal Book Company,c1996. a194p. ; cBK c9263d9263 00104070aQUESTCLbQUESTCLd2014-08-27g750.00oKHUp19069r2014-08-27w2014-08-27yBKzTransferred to Civil 00104070aSLCEbSLCEd2014-08-27g750.00oKHUp19070r2014-08-27w2014-08-27yBK